Handbook for beginning teachers /

Kaydedildi:
Detaylı Bibliyografya
Yazar: Marsh, Colin J.
Materyal Türü: Kitap
Dil:English
Baskı/Yayın Bilgisi: Frenchs Forest, N.S.W. : Pearson Education Australia, 2000.
Edisyon:2nd ed.
Konular:
Etiketler: Etiketle
Etiket eklenmemiş, İlk siz ekleyin!
Thư viện lưu trữ: Mạng thư viện Đại học Đà Nẵng
LEADER 00941cam a2200349 i 4500
001 000045283
003 4455
005 20030226145822.0
008 010220|2000 vm 000 eng
020 |a 0733907407 
040 |a IRC  |c IRC  |d IRC 
041 0 |a eng 
082 1 4 |a 370.71094  |b MA-C 
100 1 |a Marsh, Colin J. 
245 0 0 |a Handbook for beginning teachers /  |c Colin J. Marsh. 
250 |a 2nd ed. 
260 |a Frenchs Forest, N.S.W. :  |b Pearson Education Australia,  |c 2000. 
300 |a xii, 449p. 
630 0 4 |a Teaching. 
630 0 4 |a Teachers. 
650 0 4 |a First year teachers  |z Australia  |v Handbooks, manuals, etc. 
650 0 4 |a Teaching  |z Australia  |v Handbooks, manuals, etc. 
OWN |a DUT 
999 |a From the UDN01 
TYP |a Monograph 
TYP |a Printed language 
980 |a Mạng thư viện Đại học Đà Nẵng